El mundo social de "La Celestina" / (Record n. 13145)
[ formato base ]
| 000 -LEADER | |
|---|---|
| fixed length control field | 00961nam a2200265 i 4500 |
| 003 - CONTROL NUMBER IDENTIFIER | |
| control field | IT-RoINE |
| 005 - DATE AND TIME OF LATEST TRANSACTION | |
| control field | 20161011085349.0 |
| 008 - FIXED-LENGTH DATA ELEMENTS--GENERAL INFORMATION | |
| fixed length control field | 930725s1986 sp r | spa d |
| 020 ## - INTERNATIONAL STANDARD BOOK NUMBER | |
| International Standard Book Number | 842490267X |
| 040 ## - CATALOGING SOURCE | |
| Original cataloging agency | SpMaBN |
| Language of cataloging | spa |
| Transcribing agency | IT-RoINE |
| Modifying agency | IT-RoINE |
| 100 1# - MAIN ENTRY--PERSONAL NAME | |
| Personal name | Maravall, José Antonio, |
| Dates associated with a name | 1911-1986 |
| 9 (RLIN) | 9712 |
| 245 13 - TITLE STATEMENT | |
| Title | El mundo social de "La Celestina" / |
| Statement of responsibility, etc | José Antonio Maravall. |
| 250 ## - EDITION STATEMENT | |
| Edition statement | 3ª ed. rev. |
| 260 ## - PUBLICATION, DISTRIBUTION, ETC. (IMPRINT) | |
| Place of publication, distribution, etc | Madrid : |
| Name of publisher, distributor, etc | Gredos, |
| Date of publication, distribution, etc | [1981] |
| 300 ## - PHYSICAL DESCRIPTION | |
| Extent | 186 p., 1 h. de lám. ; |
| Dimensions | 21 cm. |
| 336 ## - CONTENT TYPE | |
| Source | rdacontent |
| Content type term | text |
| 337 ## - MEDIA TYPE | |
| Source | rdamedia |
| Media type term | unmediated |
| 338 ## - CARRIER TYPE | |
| Source | rdacarrier |
| Carrier type term | volume |
| 490 1# - SERIES STATEMENT | |
| Series statement | Biblioteca románica hispánica. |
| -- | II, Estudios y ensayos ; |
| Volume number/sequential designation | 80 |
| 504 ## - BIBLIOGRAPHY, ETC. NOTE | |
| Bibliography, etc | Incluye bibliografía. |
| 600 14 - SUBJECT ADDED ENTRY--PERSONAL NAME | |
| Personal name | Rojas, Fernando de, |
| Dates associated with a name | ca. 1470-1541. |
| Title of a work | La Celestina |
| 9 (RLIN) | 26719 |
| 651 #4 - SUBJECT ADDED ENTRY--GEOGRAPHIC NAME | |
| Geographic name | España |
| General subdivision | Condiciones sociales |
| Chronological subdivision | Siglo 15o. |
| 9 (RLIN) | 26720 |
| 830 #0 - SERIES ADDED ENTRY--UNIFORM TITLE | |
| 9 (RLIN) | 12052 |
| Uniform title | Biblioteca románica hispánica. |
| Number of part/section of a work | II, |
| Name of part/section of a work | Estudios y ensayos ; |
| Volume number/sequential designation | 80 |
| 942 ## - ADDED ENTRY ELEMENTS (KOHA) | |
| Item type | Monografías |
| Withdrawn status | Lost status | Damaged status | Not for loan | Home library | Current library | Date acquired | Total Checkouts | Full call number | Barcode | Date last seen | Price effective from | Koha item type |
|---|---|---|---|---|---|---|---|---|---|---|---|---|
| Iglesia Nacional Española en Roma | Iglesia Nacional Española en Roma | 11/10/2016 | COL.A 42.80 | 29508 | 11/10/2016 | 11/10/2016 | Monografías |